Giáo trình công nghệ xử lý nước thải

Sách cung cấp những kiến thức cơ bản về môi trường nước và công nghệ xử lý nước thải, cùng các tiếp cận bảo vệ môi trường. Nội dung nhấn mạnh đến các phương pháp sử dụng trong công nghệ xử lý nước thải và các tính toán trong cô...

Disgrifiad llawn

Wedi'i Gadw mewn:
Manylion Llyfryddiaeth
Prif Awdur: Trần, Văn Nhân
Fformat: Llyfr
Iaith:Undetermined
Cyhoeddwyd: Hà Nội Khoa học kỹ thuật 2009
Pynciau:
Tagiau: Ychwanegu Tag
Dim Tagiau, Byddwch y cyntaf i dagio'r cofnod hwn!
Thư viện lưu trữ: Trung tâm Học liệu Trường Đại học Cần Thơ
LEADER 01177nam a2200241Ia 4500
001 CTU_39726
008 210402s9999 xx 000 0 und d
020 |c 65000 
082 |a 628.4 
082 |b Nh121 
100 |a Trần, Văn Nhân 
245 0 |a Giáo trình công nghệ xử lý nước thải 
245 0 |c Trần Văn Nhân, Ngô Thị Nga 
260 |a Hà Nội 
260 |b Khoa học kỹ thuật 
260 |c 2009 
520 |a Sách cung cấp những kiến thức cơ bản về môi trường nước và công nghệ xử lý nước thải, cùng các tiếp cận bảo vệ môi trường. Nội dung nhấn mạnh đến các phương pháp sử dụng trong công nghệ xử lý nước thải và các tính toán trong công nghệ này. 
526 |a Quy trình và kỹ thuật xử lý nước thải 
526 |b CNT605 
650 |a Factory and trade waste,Hydraulic engineering,Sewerage,Wastewater 
650 |x Purification,Purification 
904 |i Trọng Hải 
980 |a Trung tâm Học liệu Trường Đại học Cần Thơ